| 000 | 00617nam a22001697a 4500 | ||
|---|---|---|---|
| 020 | _qHBK | ||
| 082 | _a510 | ||
| 100 | _aMustafa, Rafay | ||
| 245 |
_aExperimental Behaviour of some Symplectic and G-symplectic Methods for the Numerical Solution of Conservative Systems _cRafay Mustafa. |
||
| 260 |
_aIslamabad: _bSNS - NUST, _c2013. |
||
| 300 |
_a54 p. : ill. ; _c30cm. |
||
| 650 |
_aMathematics - MS Thesis. _916139 |
||
| 700 |
_aSupervised Dr. Yousaf Habib. _919786 |
||
| 856 | _uhttp://10.250.8.41:8080/xmlui/handle/123456789/4095 | ||
| 942 |
_2ddc _cTHE |
||
| 999 |
_c528185 _d528185 |
||